| 000 | 00907cad a22002055a 4500 | ||
|---|---|---|---|
| 001 | L154611 | ||
| 008 | 120105e20120105xxk f 000 0 eng d | ||
| 035 | _a(Sirsi) u154611 | ||
| 041 | 0 | _aeng | |
| 110 | 2 |
_aMarkit _95915 |
|
| 245 | 0 | 0 |
_aConstruction activity down for third month running, albeit only marginally _h[electronic resource] |
| 260 | _c2012 | ||
| 490 |
_aMarkit News Release _v5 January 2012 |
||
| 520 | _aMarkit Germany Construction PMI key points are: activity falls on sharpest drop in new work since February 2010, employment up at fastest rate since March 2011, and output widely expected to fall over next 12 months. | ||
| 590 | _aKA | ||
| 651 | 4 |
_aGermany _y1990- |
|
| 690 | _aBUILT ENVIRONMENT-CONSTRUCTION MARKET | ||
| 856 | 4 | 0 |
_uhttps://www.markiteconomics.com/MarkitFiles/Pages/ViewPressRelease.aspx?ID=9027 _zView this item free of charge at www.markiteconomics.com |
| 942 | _n0 | ||
| 999 |
_c113065 _d113065 |
||